MARC

LEADER 00000nab a2200000 a 4500
001 vtls010658017
003 SK-MaSNL
005 20260426104959.0
008 150302c2014 xo kr 000 c0ukr
015 |a SNBRA2015/03 
038 |a SVKPOCL 
040 |a SVKPOCL  |b slo  |c SVKPOCL  |e AACR2 
041 0 |a ukr 
044 |a xo  |c SK 
080 |a 80(=16)+908(4)  |2 2001 
080 |a 80(=161.2)+908(477)  |2 2001 
080 |a 37.011.3-051  |2 2001 
080 |a 37.011-051  |2 2001 
080 |a 929 Kolenka, Ladislav  |2 2001 
100 1 |a Škurla, Michal,  |d 1942-  |4 aut  |9 112053 
245 1 0 |a Kolenka Ladislav  |c Mychajlo Škurla 
300 |b Fotogr. 
500 |a Škurla, Mychajlo pozri Škurla, Michal 
504 |a Bibliogr. odkazy 
600 1 7 |a Kolenka, Ladislav,  |d 1907-1998  |2 svkpocl  |9 1619446 
650 0 7 |a pedagógovia  |2 svkpocl  |9 18561 
650 0 7 |a osvetoví pracovníci  |2 svkpocl  |9 79906 
650 0 7 |a osobnosti  |2 svkpocl  |9 29820 
650 0 7 |a slavistika  |2 svkpocl  |9 4282 
650 0 7 |a ukrajinistika  |2 svkpocl  |9 51200 
650 0 7 |a rodisko  |2 svkpocl  |9 172657 
651 7 |a Giraltovce (Slovensko)  |2 snkbucl  |9 29721 
651 7 |a Svidník (Slovensko : okres)  |2 svkpocl  |9 28651 
651 7 |a Košice (Slovensko)  |2 snkbucl  |9 18694 
651 7 |a Medzilaborce (Slovensko)  |2 svkpocl  |9 22171 
651 7 |a Prešov (Slovensko)  |2 snkbucl  |9 17347 
651 7 |a Bratislava (Slovensko)  |2 snkbucl  |9 14568 
651 7 |a Pezinok (Slovensko)  |2 snkbucl  |9 15835 
655 7 |a biografie  |2 svkpocl  |9 27965 
773 0 |a Škurla, Michal, 1942-  |t Hlas pamäti = Holos pam`jati  |d Prešov : Michal Škurla ; NITECH s.r.o, 2014  |g S. 48-49  |z 9788089196586 
852 |a SVKPO  |b KIS3GCP 
958 |a UK 
958 |a SK 
958 |a BX 
958 |a SS 
958 |a NB 
999 |c 3336633  |d 3338563